| 000 | 00600nam a22001935 4500 | ||
|---|---|---|---|
| 001 | BK0031797485 | ||
| 005 | 20250102140203.0 | ||
| 008 | 241210s2025 xx 000 1 eng d | ||
| 020 |
_a9780593624586 : HRD _c9.99 |
||
| 020 |
_a0593624580 : HRD _c9.99 |
||
| 037 |
_bPenguin Group USA, Order Processing Dept 120 Woodbine st, Bergenfield, NJ, USA, 07621 _nSAN 201-3975 |
||
| 050 | _aPZ | ||
| 082 | _aE | ||
| 092 | _aE | ||
| 100 |
_aDaywalt, Drew (ILT)/ Jeffers, Oliver (ILT) _96488711 |
||
| 245 | 0 | 0 | _aHappy Mother's Day from the Crayons |
| 264 | 1 |
_bPenguin Group USA _c2025 |
|
| 300 | _a32 p. ; | ||
| 999 |
_c402886 _d402886 |
||